000 00708nam a2200229 a 4500
999 _c731
_d731
008 191022r20112012ii a|||g |||| 001 0 eng d
020 _a9788184870923
_cRs. 375.00
040 _aKO
_beng
041 0 _aeng
044 _aii
082 0 4 _223
_a660
_bAh48
100 1 _aAhluwalia, V. K.
245 1 0 _aGreen Chemistry :
_bGreener Alternatives to Synthetic Organic Transformations /
_cV. K. Ahluwalia
260 _aNew Delhi :
_bNarosa Publishing House Pvt Ltd,
_c2011, reprinted 2012
300 _aVarious pagination :
_bill. ;
_c24 cm.
504 _aIncludes index.
650 0 _aSustainable engineering
_vTextbooks
650 0 _aGreen technology
_vTextbooks
904 _aS_JOY
942 _cBK